Getting to know the Theatre Faculty /

Korporativní autor: Janáčkova akademie múzických umění. Divadelní fakulta
Další autoři: Oakland, Tomáš
Jazyk: Angličtina
Vydáno: Brno : JAMU, 2020
Vydání: First edition
Témata:
Fyzický popis: 95 stran : barevné ilustrace ; 15 cm
Knihy
Uloženo v:
LEADER 02629nam a2200685 i 4500
001 nkc20203222126
003 CZ PrNK
005 20200717093709.0
007 ta
008 200604s2020 xr a e f 000 0 eng
015 |a cnb003222126 
020 |a 978-80-7460-172-9  |q (vázáno) 
035 |a (OCoLC)1200255122 
040 |a OLA001  |b cze  |d BOA001  |e rda 
041 1 |a eng  |h cze 
043 |a e-xr---  |b e-xr-jm  |2 czenas 
072 7 |a 792  |x Divadlo. Divadelní představení  |2 Konspekt  |9 3 
080 |a 378.6:792  |2 MRF 
080 |a 378.093.5  |2 MRF 
080 |a 792  |2 MRF 
080 |a 378.14  |2 MRF 
080 |a (437.322)  |2 MRF 
080 |a (073)  |2 MRF 
080 |a (036)  |2 MRF 
110 2 |a Janáčkova akademie múzických umění.  |b Divadelní fakulta  |7 kn20010710217  |4 aut 
240 1 0 |a Studijní program (Janáčkova akademie múzických umění. Divadelní fakulta).  |l Anglicky  |7 kon20201077860 
245 1 0 |a Getting to know the Theatre Faculty /  |c translation and proofreading: Tom Oakland 
246 3 0 |a Theatre Faculty 
246 1 4 |a Getting to know the Theatre Faculty Janáček Academy of Performing Arts in Brno 
250 |a First edition 
264 1 |a Brno :  |b JAMU,  |c 2020 
300 |a 95 stran :  |b barevné ilustrace ;  |c 15 cm 
336 |a text  |b txt  |2 rdacontent 
336 |a statický obraz  |b sti  |2 rdacontent 
337 |a bez média  |b n  |2 rdamedia 
338 |a svazek  |b nc  |2 rdacarrier 
500 |a Přeloženo z češtiny? 
610 2 7 |a Janáčkova akademie múzických umění.  |b Divadelní fakulta  |7 kn20010710217  |2 czenas 
650 0 7 |a vysoké divadelní školy  |7 ph127283  |z Česko  |2 czenas 
650 0 7 |a fakulty vysokých škol  |7 ph870435  |z Česko  |2 czenas 
650 0 7 |a divadlo  |7 ph119513  |2 czenas 
650 0 7 |a vysokoškolské studium  |7 ph127279  |z Česko  |2 czenas 
650 0 9 |a theater academies  |z Czechia  |2 eczenas 
650 0 9 |a university faculties  |z Czechia  |2 eczenas 
650 0 9 |a theater  |2 eczenas 
650 0 9 |a college study  |z Czechia  |2 eczenas 
651 7 |a Brno (Česko)  |7 ge134084  |2 czenas 
651 9 |a Brno (Czechia)  |2 eczenas 
655 7 |a studijní programy  |7 fd520458  |2 czenas 
655 7 |a informační publikace  |7 fd132454  |2 czenas 
655 9 |a study programs  |2 eczenas 
655 9 |a information publications  |2 eczenas 
700 1 |a Oakland, Tomáš  |7 xx0129579  |4 edt  |4 trl 
910 2 |a BOA001  |b S-1448.372 
928 9 |a Janáčkova akademie múzických umění 
928 9 |a Janáček Academy of Performing Arts 
990 |a BK 
995 |a 01 
991 |b 202006  |c NOV 
996 6 |b 2610826335  |c S-1448.372  |l MZK  |r Sklad / do 24 hodin  |n 0  |p p.v.  |w 001806228  |u 000010  |a 1  |e BOA001  |j MZK50  |s P